Antología del cuento latinoamericano / (Registro nro. 7111)

Detalles MARC
000 -LIDER
fixed length control field 00959nam a2200253 a 4500
001 - NÚMERO DE CONTROL
Identificador de número de control 000025098
003 - IDENTIFICACDOR DE NÚMERO DE CONTROL
control field 000025098
005 - DATE AND TIME OF LATEST TRANSACTION
control field 20240529094642.0
008 - ELEMENTOS DE LONGITUD FIJA
fixed length control field 110210s2003 dr 000 j spa d
040 ## - FUENTE DE CATALOGACIÓN
Agencia que crea de manera original el registro BPMSU
Idioma de catalogación spa
Agencia que realiza la transcripción BPMSU
082 #4 - NÚMERO DE CLASIFICACIÓN DECIMAL DE DEWEY
Classification number A863.08
Item number A634c 2003
Edition number 22
245 00 - MENCIÓN DE TITULO
Título Antología del cuento latinoamericano /
Mención de responsabilidad selección, presentación y notas bibliográficas José Miguel Simón Consuegra ; ilustraciones Wemer Olmos.
260 ## - PUBLICACIÓN, DISTRIBUCIÓN, ETC. (PIE DE IMPRENTA)
Lugar de publicación, distribución, etc Santo Domingo :
Nombre del editor, distribuidor, etc. Susaeta Ediciones Dominicanas,
Fecha de publicación, distribución, etc 2003.
300 ## - DESCRIPCIÓN FÍSICA
Extensión 183 p. :
Otros detalles físicos il. ;
Dimensiones 22 cm.
490 0# - MENCIÓN DE SERIES
Mención de serie Biblioteca Susaeta
500 ## - NOTA GENERAL
Nota general Incluye referencias bibliográficas y notas al pie de las páginas
590 ## - NOTA LOCAL
Texto de la nota local Inventariado, 2024/VM
650 #4 - ENCABEZAMIENTO DE MATERIA--TEMÁTICO
Término temático o nombre geográfico como elemento de entrada Cuentos infantiles latinoamericanos
650 #4 - ENCABEZAMIENTO DE MATERIA--TEMÁTICO
Término temático o nombre geográfico como elemento de entrada Literatura infantil latinoamericana
700 1# - ASIENTO SECUNDARIO -- NOMBRE PERSONAL
Nombre personal Simón Consuegra, José Miguel
Mención de responsabilidad selección
700 12 - ASIENTO SECUNDARIO -- NOMBRE PERSONAL
Nombre personal Olmos, wemer
Mención de responsabilidad il.
910 ## - VALIDACIÓN
Validación VMATEO/ Validado. Control de calidad MFF
942 ## - ADDED ENTRY ELEMENTS (KOHA)
Source of classification or shelving scheme Dewey Decimal Classification
Koha item type Libros
Existencias
Withdrawn status Lost status Source of classification or shelving scheme Damaged status Not for loan Collection code Home library Current library Date acquired Total Checkouts Full call number Barcode Date last seen Price effective from Koha item type
    Dewey Decimal Classification     Colección Infantil Dominicana Biblioteca Pública Metropolitana Salomé Ureña Biblioteca Pública Metropolitana Salomé Ureña 07/09/2014   BPMSU CGI A863.08 A634c 2003 BPMSU15040491 07/09/2014 07/09/2014 Libros